[Event "Haarlem Nova College op 1st"]
[Site "Haarlem"]
[Date "2002.07.07"]
[Round "6"]
[White "Witkamp, Jarno"]
[Black "Van Toorenberg, Sebastiaan"]
[Result "1-0"]
[WhiteElo "1664"]
[BlackElo "1362"]
[PlyCount "47"]
[EventDate "2002.07.05"]
[EventType "swiss"]
[EventRounds "6"]
[EventCountry "NED"]
[SourceTitle "CBM 089 Extra"]
[Source "ChessBase"]
[SourceDate "2002.09.10"]
[SourceVersion "2"]
[SourceVersionDate "2002.09.10"]
[SourceQuality "1"]

1. g3 e5 2. c4 Nf6 3. Nc3 d5 4. cxd5 Nxd5 5. Bg2 Be6 6. Nf3 Nc6 7. d3 Be7 8. 0-0 0-0 9. Ne4 h6 10. Bd2 Re8 11. a3 f5 12. Nc3 Qd7 13. b4 Bf6 14. Rc1 a6 15. Na4 b6 16. Qc2 e4 17. dxe4 fxe4 18. Qxe4 Ne5 19. Nxe5 Bxe5 20. Qxe5 Qxa4 21. Bxd5 Bxd5 22. Qxd5+ Kh8 23. Rxc7 Rad8 24. Qf7 1-0

[Event "Haarlem Nova College op 1st"]
[Site "Haarlem"]
[Date "2002.07.06"]
[Round "4"]
[White "Aroetunjan, Roebik"]
[Black "Van Toorenberg, Sebastiaan"]
[Result "1-0"]
[WhiteElo "1650"]
[BlackElo "1362"]
[PlyCount "62"]
[EventDate "2002.07.05"]
[EventType "swiss"]
[EventRounds "6"]
[EventCountry "NED"]
[SourceTitle "CBM 089 Extra"]
[Source "ChessBase"]
[SourceDate "2002.09.10"]
[SourceVersion "2"]
[SourceVersionDate "2002.09.10"]
[SourceQuality "1"]

1. e4 e5 2. Nf3 Nc6 3. Nc3 Nf6 4. Bc4 Bc5 5. 0-0 d6 6. h3 0-0 7. d3 Na5 8. Bb3 a6 9. Bg5 h6 10. Bh4 c6 11. Ne2 Re8 12. Ng3 g5 13. Nxg5 hxg5 14. Bxg5 Nxb3 15. axb3 d5 16. Qf3 Be7 17. Bxf6 Bxf6 18. Nh5 Re6 19. Qg3+ Kf8 20. f4 dxe4 21. dxe4 Qd4+ 22. Kh1 Qxe4 23. Rfe1 Qg6 24. Qf3 Qf5 25. g4 Qh7 26. g5 e4 27. Qd1 Be7 28. f5 Rd6 29. Qg4 Qg8 30. g6 Bf6 31. Qxe4 Rd4 1-0